Представление документа в формате RUSMARC

ПолеНазваниеЗначение
  Тип записи c
  Библиографический уровень m
001 Контрольный номер UONB/NOTY/f0786926ed85422a8df3fb0befa04956
005 Дата корректировки 20250520123121.3
010 Индекс ISBN __
9 Тираж 61375 экз.
013 Номер (ISMN) __
d Цена 25 к.
100 Данные общей обработки __
a Данные общей обработки 20220804d1982 u##y0rusy0189## ca
101 Язык документа 0_
a Язык текста rus
f Язык титульного листа rus
102 Страна публикации __
a Страна публикации RU
125 Кодированные данные звукозаписи и нотных изданий __
a Форма изложения нотного текста m
128 Кодированные данные (звукозаписи-физические характеристики) __
a Кодированные данные: Музыкальная форма и тональность или лад sg
b Инструменты или голоса, необходимые для ансамблей (устаревшее) cu
b Инструменты или голоса, необходимые для ансамблей (устаревшее) cd
c Инструменты или голоса, рекомендуемые для солистов (устаревшее) vu
200 Заглавие и сведения об ответственности 1_
a Заглавие Поет хор
e Сведения, относящиеся к заглавию [для хора разных составов с сопровожд. баяна и без сопровожд.]
f Первые сведения об ответственности сост. О. Я. Дымов
203 Вид содержания и тип средства __
a Вид содержания Музыка
b Характеристика содержания знаковая
c Тип средства непосредственная
210 Выходные данные 1_
a Место издания Москва
c Издательство Советская Россия
d Дата издания 1982
215 Физическое описание __
d Формат 20 см
a Объем 111 с.
225 Серия 2_
a Серия Библиотечка "В помощь художественной самодеятельности"
v Обозначение тома № 19
327 Примечание о содержании 01
a Примечание о содержании Содерж. : Руденко В. Семья народов / сл. Г. Луткова. - Лученок И. Революция наша вечная / сл. Н. Добронравова. - Парцхаладзе М. Красный цвет / сл. В. Семернина. - Арский А. Песня о России / сл. И. Никитина. - Строкин С. Россия / сл. Г. Крупина. - Флярковский А. Кремлевские ели / сл. Я. Смелякова. - Кикта В. Простор земли родной / сл. В. Татаринова. - Абрамский А. Славный город Суздаль / сл. Д. Ушакова. - Гурьев Ю. Край мой тамбовский / сл. И. Шамова. - Наумов В. Сахалинская метелица / сл. И. Белоусова. - Менцер Н. Чукотская элегия / чукотский текст В. Кеулькута ; рус. текст Н. Соловьевой. - Троцюк Б. Марш московских строителей / сл. Г. Авилова. - Евграфов Ю. За зеленым лугом / сл. А. Прокофьева. - Широков А. Колыбельная / сл. Н. Палькина. - Ривчун Б. Я пришел к тебе с приветом... / сл. А. Фета. - Адлер Е. Полдень / сл. Ф. Тютчева. - Кузнецова Ж. Ивушка, зеленая моя / сл. народные. - Кутузов Н. Над рекой склонился синий вечер / сл. В. Семернина. - Асламас А. Пинерби / чувашский текст Ю. Семендера ; русский текст П. Градова. - Новиков А. Чудо-рязаночка / сл. П. Градова. - Хлиманович А. Молчание / сл. А. Жарова. - Григоренко В. Моя ива / сл. В. Татаринова. - Литвинов В. Ах, любовь, любовь... / сл. А. Кирсанова. - Ревела буря... : рус. нар. песня из оперы "Чапаев" / обраб. А. Холминова ; сл. К. Рылеева. - Вот мчится тройка почтовая ; Неделька : рус. нар. песни / обраб. В. Попова.
464 Аналитический уровень _0
1 700 1
a Руденко
b В.
1 702 1
a Лутков
b Г.
4 520
1 2001
a Семья народов
1 036
t Согретая дружбой сердечной...
464 Аналитический уровень _0
1 700 1
a Лученок
b И.
1 702 1
a Добронравов
b Н.
4 520
1 2001
a Революция наша вечная
1 036
t Он гремит, этот гордый залп...
464 Аналитический уровень _0
1 700 1
a Парцхаладзе
b М.
1 702 1
a Семернин
b В.
4 520
1 2001
a Красный цвет
1 036
t В огне семнадцатого года...
464 Аналитический уровень _0
1 700 1
a Арский
b А.
1 702 1
a Никитин
b И.
4 520
1 2001
a Песня о России
1 036
t Под большим шатром...
464 Аналитический уровень _0
1 700 1
a Строкин
b С.
1 702 1
a Крупин
b Г.
4 520
1 2001
a Россия
1 036
t Спят ракиты над тихой рекою...
464 Аналитический уровень _0
1 700 1
a Флярковский
b А.
1 702 1
a Смеляков
b Я.
4 520
1 2001
a Кремлевские ели
1 036
t Это кто-то придумал счастливо...
464 Аналитический уровень _0
1 700 1
a Кикта
b В.
1 702 1
a Татаринов
b В.
4 520
1 2001
a Простор земли родной
1 036
t Бывает в жизни день такой...
464 Аналитический уровень _0
1 700 1
a Абрамский
b А.
1 702 1
a Ушаков
b Д.
4 520
1 2001
a Славный город Суздаль
1 036
t Из давних лет поныне слышен...
464 Аналитический уровень _0
1 700 1
a Гурьев
b Ю.
1 702 1
a Шамов
b И.
4 520
1 2001
a Край мой тамбовский
1 036
t Край мой тамбовский...
464 Аналитический уровень _0
1 700 1
a Наумов
b В.
1 702 1
a Белоусов
b И.
4 520
1 2001
a Сахалинская метелица
1 036
t Седые холодные пряди...
464 Аналитический уровень _0
1 700 1
a Менцер
b Н.
1 702 1
a Кеулькут
b В.
4 520
1 702 1
a Соловьева
b Н.
4 520
1 2001
a Чукотская элегия
1 036
t Сыплет снег, пушистый снег...
464 Аналитический уровень _0
1 700 1
a Троцюк
b Б.
1 702 1
a Авилов
b Г.
4 520
1 2001
a Марш московских строителей
e В Москве повсюду - новые фасады...
464 Аналитический уровень _0
1 700 1
a Евграфов
b Ю.
1 702 1
a Прокофьев
b А.
4 520
1 2001
a За зеленым лугом
1 036
t За зеленым лугом...
464 Аналитический уровень _0
1 700 1
a Широков
b А.
1 702 1
a Палькин
b Н.
4 520
1 2001
a Колыбельная
1 036
t Баю-баюшки-баю...
464 Аналитический уровень _0
1 700 1
a Ривчун
b Б.
1 702 1
a Фет
b А.
4 520
1 2001
a Я пришел к тебе с приветом...
1 036
t Я пришел к тебе с приветом...
464 Аналитический уровень _0
1 700 1
a Адлер
b Е.
1 702 1
a Тютчев
b Ф.
4 520
1 2001
a Полдень
1 036
t Лениво дышит полдень мглистый...
464 Аналитический уровень _0
1 700 1
a Кузнецова
b Ж.
1 702 1
a Слова народные
4 520
1 2001
a Ивушка, зеленая моя
1 036
t Ивушка, ивушка, зеленая моя...
464 Аналитический уровень _0
1 700 1
a Кутузов
b Н.
1 702 1
a Семернин
b В.
4 520
1 2001
a Над рекой склонился синий вечер
1 036
t Над рекой склонился синий вечер...
464 Аналитический уровень _0
1 700 1
a Асламас
b А.
1 702 1
a Семендер
b Ю.
4 520
1 702 1
a Градов
b П.
4 730
1 2001
a Пинерби
1 036
t Сколько есть имен на белом свете...
464 Аналитический уровень _0
1 700 1
a Новиков
b А.
1 702 1
a Градов
b П.
4 520
1 2001
a Чудо-рязаночка
1 036
t Хороша рязанская земля!..
464 Аналитический уровень _0
1 700 1
a Хлиманович
b А.
1 702 1
a Жаров
b А.
4 520
1 2001
a Молчание
1 036
t На зеленом берегу...
464 Аналитический уровень _0
1 700 1
a Григоренко
b В.
1 702 1
a Татаринов
b В.
4 520
1 2001
a Моя ива
1 036
t Твоя ива у обрыва...
464 Аналитический уровень _0
1 700 1
a Литвинов
b В.
1 702 1
a Кирсанов
b А.
4 520
1 2001
a Ах, любовь, любовь...
1 036
t В тишину полей, за околицу...
464 Аналитический уровень _0
1 702 1
a Холминов
b А.
4 030
1 702 1
a Рылеев
b К.
4 520
1 2001
a Ревела буря...
e рус. нар. песня из оперы "Чапаев"
1 036
t Ревела буря, дождь шумел...
1 50010
a Чапаев
i Ревела буря...
464 Аналитический уровень _0
1 702 1
a Попов
b В.
4 030
1 2001
a Вот мчится тройка почтовая
e рус. нар. песня
1 036
t Вот мчится тройка почтовая...
464 Аналитический уровень _0
1 702 1
a Попов
b В.
4 030
1 2001
a Неделька
1 036
t В воскресенье я на ярмарку ходила...
512 Заглавие обложки 1_
a Заглавие обложки Поет хор
606 Тематические рубрики 0_
a Основная рубрика Хоровое пение
x Основная подрубрика Хоровые произведения
x Основная подрубрика Песни о Родине
x Основная подрубрика Массовые песни
x Основная подрубрика Лирические песни
x Основная подрубрика Детские хоры
y Географическая подрубрика Россия
z Хронологическая подрубрика 20 в.
610 Ключевые слова 0_
a Ключевые слова хоровое пение; песни советских композиторов; песни о Родине; массовые песни; лирические песни; детские хоры
686 Индексы других классификаций __
a Классификационный индекс 85.941.0-041(2)я436
2 Код системы rubbk
702 Вторичная интеллектуальная ответственность _1
a Фамилия Дымов
b Имя (инициалы) О. Я.
4 Код отношения 220
801 Источник записи _0
a Страна RU
b Организация Ульяновская ОНБ
c Дата составления 20220804
g Правила каталогизации RCR
801 Источник записи _1
a Страна RU
b Организация Ульяновская ОНБ
c Дата составления 20220804
g Правила каталогизации RCR
901 Тип документа __
t Тип документа m
909 Создатель записи __
a Создатель записи Никитина Т. А.